[Event "CZE-chT1W 2223"]
[Site "Czech Republic"]
[Date "2023.01.15"]
[Round "6.4"]
[White "Dolezal, Martin"]
[Black "Martirosyan, David"]
[Result "1-0"]
[WhiteElo "2209"]
[BlackElo "1993"]
[PlyCount "143"]
[EventDate "2022.10.09"]
[EventType "team-tourn"]
[EventRounds "11"]
[EventCountry "CZE"]
[SourceTitle "CBM 213 Extra"]
[Source "ChessBase"]
[SourceDate "2023.05.31"]
[SourceVersion "1"]
[SourceVersionDate "2023.05.31"]
[SourceQuality "1"]
[WhiteTeam "Litomerice Slavoj"]
[BlackTeam "Ricany Betsys II"]
[WhiteTeamCountry "CZE"]
[BlackTeamCountry "CZE"]

1. d4 d5 2. Nf3 e6 3. c4 dxc4 4. Qa4+ Nd7 5. g3 a6 6. Qxc4 b5 7. Qc2 Bb7 8. Bg2 Ngf6 9. 0-0 Be7 10. Nc3 0-0 11. Bf4 c5 12. dxc5 Nxc5 13. Ne5 Bxg2 14. Kxg2 Rc8 15. Rfd1 Qb6 16. Rac1 Nce4 17. Nd3 b4 18. Nxe4 Rxc2 19. Nxf6+ Bxf6 20. Rxc2 a5 21. Rc4 Qb5 22. b3 Rd8 23. f3 h6 24. Rdc1 Bc3 25. Rc5 Qa6 26. Be5 Rc8 27. Rxc8+ Qxc8 28. Kf2 Qc6 29. Bxc3 bxc3 30. e3 f6 31. Ke2 e5 32. e4 Kf7 33. Rc2 g6 34. Nf2 Qb6 35. Nd3 Qc6 36. Nf2 f5 37. exf5 gxf5 38. Nd1 Qb5+ 39. Ke1 Qc5 40. Ke2 Qg1 41. h3 Qxg3 42. Nf2 e4 43. Rxc3 Qe5 44. Re3 Qb2+ 45. Kf1 exf3 46. Rxf3 Ke6 47. a4 Qc1+ 48. Ke2 Qc2+ 49. Kf1 Ke5 50. Re3+ Kf4 51. Rd3 h5 52. Kg2 Qe2 53. Rc3 h4 54. Rc4+ Kg5 55. Rc3 f4 56. Rc5+ Kg6 57. Rc3 Kf5 58. Rc5+ Ke6 59. Rc3 Kd5 60. Rf3 Qd2 61. Rd3+ Qxd3 62. Nxd3 Ke4 63. Nc5+ Ke3 64. Kf1 Kf3 65. b4 axb4 66. a5 Kg3 67. a6 b3 68. Nxb3 Kxh3 69. a7 f3 70. a8Q Kh2 71. Qxf3 h3 72. Qf2+ 1-0

[Event "CZE-chT2B 1920"]
[Site "Czech Republic"]
[Date "2019.11.03"]
[Round "2.7"]
[White "Dolezal, Martin"]
[Black "Jenicek, Emil"]
[Result "1/2-1/2"]
[WhiteElo "2218"]
[BlackElo "2016"]
[PlyCount "50"]
[EventDate "2019.10.13"]
[EventType "team-tourn"]
[EventRounds "11"]
[EventCountry "CZE"]
[SourceTitle "EXT 2024"]
[Source "ChessBase"]
[SourceDate "2023.10.10"]
[SourceVersion "1"]
[SourceVersionDate "2023.10.10"]
[SourceQuality "1"]
[WhiteTeam "Litomerice"]
[BlackTeam "Teplice"]
[WhiteTeamCountry "CZE"]
[BlackTeamCountry "CZE"]

1. d4 d5 2. Nf3 Nf6 3. c4 e6 4. g3 Be7 5. Bg2 0-0 6. 0-0 Nbd7 7. Qd3 c5 8. Nc3 cxd4 9. Qxd4 Nb6 10. cxd5 Nfxd5 11. e4 Nb4 12. Bf4 Qxd4 13. Nxd4 Nd3 14. Ndb5 Nxf4 15. gxf4 a6 16. Nd4 Bd7 17. e5 Rab8 18. Rac1 Rfc8 19. Rfd1 Kf8 20. Be4 g6 21. Kg2 Rc7 22. Nce2 Rbc8 23. Rxc7 Rxc7 24. Rc1 Rxc1 25. Nxc1 Nd5 1/2-1/2

[Event "CZE-chT1W 1112"]
[Site "Czech Republic"]
[Date "2012.03.18"]
[Round "10.6"]
[White "Forman, Stepan"]
[Black "Dolezal, Martin"]
[Result "1-0"]
[WhiteElo "2331"]
[BlackElo "2260"]
[PlyCount "61"]
[EventDate "2011.10.02"]
[EventType "team-tourn"]
[EventRounds "11"]
[EventCountry "CZE"]
[SourceTitle "EXT 2013"]
[Source "ChessBase"]
[SourceDate "2012.11.22"]
[SourceVersion "1"]
[SourceVersionDate "2012.11.22"]
[SourceQuality "1"]
[WhiteTeam "Praha Mahrla"]
[BlackTeam "Postovni sporitelna II"]
[WhiteTeamCountry "CZE"]
[BlackTeamCountry "CZE"]

1. d4 Nf6 2. Nf3 d6 3. g3 g6 4. Bg2 Bg7 5. c4 0-0 6. Nc3 Nbd7 7. 0-0 e5 8. dxe5 dxe5 9. Qc2 c6 10. b3 Qe7 11. Bb2 Nc5 12. Ne1 Ne6 13. Rd1 Rd8 14. Nd3 Ne8 15. Qc1 f5 16. e4 Nd4 17. Qe3 Nf6 18. h3 Nxe4 19. Nxe4 fxe4 20. Qxe4 Bf5 21. Qe3 Nc2 22. Qc5 Qxc5 23. Nxc5 b6 24. Nb7 Rxd1 25. Rxd1 Nd4 26. f4 c5 27. Bd5+ Be6 28. Rxd4 cxd4 29. Bxe6+ Kf8 30. Nd6 Rd8 31. Ne4 1-0

[Event "CZE-chT2a 0405"]
[Site "Czech Republic"]
[Date "2005.03.06"]
[Round "9.7"]
[White "Dolezal, Martin"]
[Black "Hlavacek, Karel"]
[Result "0-1"]
[WhiteElo "2060"]
[BlackElo "2001"]
[PlyCount "94"]
[EventDate "2004.10.17"]
[EventType "team-tourn"]
[EventRounds "11"]
[EventCountry "CZE"]
[SourceTitle "EXT 2007"]
[Source "ChessBase"]
[SourceDate "2006.11.23"]
[SourceVersion "1"]
[SourceVersionDate "2006.11.23"]
[SourceQuality "1"]
[WhiteTeam "Domazlice"]
[BlackTeam "Pribram"]
[WhiteTeamCountry "CZE"]
[BlackTeamCountry "CZE"]

1. e4 c5 2. Nf3 Nc6 3. d4 cxd4 4. Nxd4 e5 5. Nb5 d6 6. N1c3 a6 7. Na3 Be6 8. Nc4 b5 9. Ne3 Nf6 10. Bd3 Be7 11. 0-0 0-0 12. Ncd5 Nd7 13. c3 Nc5 14. Bc2 Bg5 15. a4 Ne7 16. axb5 axb5 17. Rxa8 Qxa8 18. Nxe7+ Bxe7 19. Nd5 Bxd5 20. exd5 f5 21. Be3 g6 22. f3 Na4 23. Bxa4 bxa4 24. Rf2 Rc8 25. Rc2 Qa6 26. Qf1 Qb7 27. Qd3 Qb3 28. h3 Rb8 29. Rd2 Qa2 30. Qa6 Qb1+ 31. Kh2 Qe1 32. Qa7 f4 33. Qxb8+ Kf7 34. Bg1 Qxd2 35. Qb5 Qd1 36. Qc4 Kg7 37. Qe4 Bh4 38. g3 Bxg3+ 39. Kg2 Qd2+ 40. Kh1 Qd1 41. Kg2 Qb3 42. Qe2 Qxd5 43. Bf2 Bxf2 44. Qxf2 e4 45. fxe4 Qxe4+ 46. Kf1 Qd3+ 47. Kg2 Qg3+ 0-1

[Event "Klatovy op-A"]
[Site "Klatovy"]
[Date "2003.??.??"]
[Round "4"]
[White "Dolezal, Martin"]
[Black "Snajdr, Jiri"]
[Result "1/2-1/2"]
[WhiteElo "2283"]
[BlackElo "2063"]
[PlyCount "45"]
[EventDate "2003.??.??"]
[EventType "swiss"]
[EventRounds "9"]
[EventCountry "CZE"]
[SourceTitle "EXT 2005"]
[Source "ChessBase"]
[SourceDate "2004.11.15"]
[SourceVersion "1"]
[SourceVersionDate "2004.11.15"]
[SourceQuality "1"]

1. e4 c5 2. Nf3 d6 3. d4 cxd4 4. Nxd4 Nf6 5. Nc3 Nc6 6. Be2 e5 7. Nb3 Be7 8. 0-0 0-0 9. Bg5 a5 10. a4 Nb4 11. Bxf6 Bxf6 12. Nb5 Be7 13. c3 Na6 14. Bc4 Nc7 15. Nxc7 Qxc7 16. Bd5 Bd7 17. Nd2 Kh8 18. Nc4 Rab8 19. Ne3 Bg5 20. Qf3 b5 21. axb5 Bxb5 22. Rfd1 Bd7 23. b3 1/2-1/2

[Event "Klatovy op-A"]
[Site "Klatovy"]
[Date "2002.??.??"]
[Round "?"]
[White "Beran, Bohumil"]
[Black "Dolezal, Martin"]
[Result "1-0"]
[WhiteElo "1925"]
[BlackElo "1930"]
[PlyCount "43"]
[EventDate "2002.??.??"]
[EventType "swiss"]
[EventRounds "9"]
[EventCountry "CZE"]
[SourceTitle "EXT 2005"]
[Source "ChessBase"]
[SourceDate "2004.11.15"]
[SourceVersion "1"]
[SourceVersionDate "2004.11.15"]
[SourceQuality "1"]

1. c4 Nf6 2. g3 g6 3. Bg2 d5 4. cxd5 Nxd5 5. Nc3 c6 6. e4 Nb6 7. d4 Bg7 8. Nge2 0-0 9. 0-0 e5 10. d5 cxd5 11. Nxd5 Nxd5 12. exd5 Bf5 13. Nc3 Nd7 14. g4 Bxg4 15. Qxg4 f5 16. Qb4 f4 17. f3 b6 18. Ne4 g5 19. Qd6 Nf6 20. Qxe5 Nxe4 21. Qe6+ Kh8 22. fxe4 1-0

[Event "CZE-chTJ 0102"]
[Site "Czech Republic"]
[Date "2002.??.??"]
[Round "7"]
[White "Dolezal, Martin"]
[Black "Blecha, Milan"]
[Result "0-1"]
[WhiteElo "1807"]
[BlackElo "2186"]
[PlyCount "52"]
[EventDate "2001.??.??"]
[EventType "team-tourn"]
[EventRounds "11"]
[EventCountry "CZE"]
[SourceTitle "EXT 2003"]
[Source "ChessBase"]
[SourceDate "2002.11.25"]
[SourceVersion "1"]
[SourceVersionDate "2002.11.25"]
[SourceQuality "1"]
[WhiteTeam "Vysehrad IV"]
[BlackTeam "Plzen Letna"]
[WhiteTeamCountry "CZE"]
[BlackTeamCountry "CZE"]

1. e4 e6 2. d4 d5 3. Nc3 Bb4 4. e5 c5 5. a3 Bxc3+ 6. bxc3 Ne7 7. Qg4 0-0 8. Nf3 Nbc6 9. Bd3 f5 10. exf6 Rxf6 11. Qh5 h6 12. 0-0 c4 13. Be2 Bd7 14. Ne5 Be8 15. Nxc6 Nxc6 16. Qh3 Bg6 17. Bg4 Qd6 18. Ra2 e5 19. Be3 Raf8 20. Bd7 exd4 21. Bxd4 Nxd4 22. cxd4 Qf4 23. c3 Be4 24. Qg3 Rg6 25. Qxf4 Rxg2+ 26. Kh1 Rxf4 0-1

[Event "Klatovy op-A"]
[Site "Klatovy"]
[Date "2002.??.??"]
[Round "?"]
[White "Dolezal, Martin"]
[Black "Kempter, Klaus"]
[Result "1/2-1/2"]
[WhiteElo "1930"]
[BlackElo "1990"]
[PlyCount "182"]
[EventDate "2002.??.??"]
[EventType "swiss"]
[EventRounds "9"]
[EventCountry "CZE"]
[SourceTitle "EXT 2005"]
[Source "ChessBase"]
[SourceDate "2004.11.15"]
[SourceVersion "1"]
[SourceVersionDate "2004.11.15"]
[SourceQuality "1"]

1. e4 c6 2. d4 d5 3. Nc3 dxe4 4. Nxe4 Nd7 5. Nf3 Ngf6 6. Ng3 e6 7. Bd3 Bd6 8. 0-0 0-0 9. c4 b6 10. Qe2 Qc7 11. Ne4 Be7 12. Bd2 c5 13. Bc3 Bb7 14. a3 Rfe8 15. Rfd1 Rac8 16. Rac1 h6 17. b4 cxd4 18. Bxd4 Qc6 19. Nfd2 Red8 20. Bb2 a5 21. b5 Qc7 22. Nxf6+ Bxf6 23. Bxf6 Nxf6 24. Ne4 Nxe4 25. Bxe4 Bxe4 26. Qxe4 Qc5 27. a4 g6 28. g3 Rxd1+ 29. Rxd1 Qxc4 30. Qxc4 Rxc4 31. h4 Rxa4 32. Rd6 Rb4 33. Rxb6 Kg7 34. Kg2 Kf6 35. Rb7 h5 36. b6 a4 37. Ra7 Rxb6 38. Rxa4 e5 39. Ra7 Ke6 40. Kf3 Rb3+ 41. Ke2 e4 42. Ra4 f5 43. Ra6+ Kf7 44. Ra7+ Kf6 45. Ra6+ Kg7 46. Ra7+ Kh6 47. Rf7 Rf3 48. Re7 Rd3 49. Rf7 Rb3 50. Kf1 e3 51. fxe3 Rxe3 52. Kf2 Ra3 53. Kg2 Ra6 54. Kf3 Ra4 55. Kg2 Ra3 56. Kf2 Rb3 57. Kg2 Rb8 58. Kf3 Rh8 59. Kf4 Re8 60. Kf3 Rd8 61. Ke3 Re8+ 62. Kf4 Rh8 63. Ke5 Ra8 64. Kf4 Ra3 65. Rb7 Ra4+ 66. Kf3 g5 67. Rb6+ Kg7 68. hxg5 Rg4 69. Ra6 Rxg5 70. Rb6 Rg4 71. Ra6 Rg6 72. Ra4 Kh6 73. Rb4 Kg5 74. Ra4 Rb6 75. Ra3 Rb4 76. Rc3 h4 77. gxh4+ Rxh4 78. Kf2 f4 79. Ra3 Kg4 80. Rb3 Rh2+ 81. Kf1 Ra2 82. Rc3 Rb2 83. Ra3 Rh2 84. Rb3 Rh3 85. Rxh3 Kxh3 86. Kf2 Kh4 87. Kf3 Kg5 88. Kf2 Kf6 89. Kf3 Kf5 90. Kf2 Ke4 91. Ke2 f3+ 1/2-1/2

[Event "Klatovy op-A"]
[Site "Klatovy"]
[Date "2002.??.??"]
[Round "?"]
[White "Dolezal, Martin"]
[Black "Novak, Jindrich"]
[Result "0-1"]
[WhiteElo "1930"]
[BlackElo "2065"]
[PlyCount "98"]
[EventDate "2002.??.??"]
[EventType "swiss"]
[EventRounds "9"]
[EventCountry "CZE"]
[SourceTitle "EXT 2005"]
[Source "ChessBase"]
[SourceDate "2004.11.15"]
[SourceVersion "1"]
[SourceVersionDate "2004.11.15"]
[SourceQuality "1"]

1. e4 e6 2. d4 d5 3. Nc3 dxe4 4. Nxe4 Be7 5. Nf3 Nf6 6. Nxf6+ Bxf6 7. Bd3 Nd7 8. 0-0 0-0 9. Qe2 Re8 10. Ne5 g6 11. c3 Nxe5 12. dxe5 Bg7 13. Bf4 Bd7 14. Rad1 Qe7 15. Be4 c6 16. Rd6 Rad8 17. Rfd1 Bc8 18. Qd2 Rxd6 19. Qxd6 Qxd6 20. Rxd6 Bf8 21. Rd1 Be7 22. Be3 c5 23. c4 b6 24. f4 Rd8 25. Rf1 f5 26. exf6 Bxf6 27. b3 Bd4 28. Kf2 Rf8 29. Ke2 e5 30. h3 Kg7 31. Rf3 Bxe3 32. Kxe3 Rxf4 33. Rxf4 exf4+ 34. Kxf4 Kf6 35. a3 g5+ 36. Ke3 h5 37. b4 Ke5 38. bxc5 bxc5 39. Bf3 h4 40. Be4 Be6 41. Bd3 Bf7 42. Be2 Bg6 43. Bf3 Bf7 44. Be2 Be6 45. Bd3 g4 46. hxg4 Bxg4 47. a4 a5 48. Bc2 Bd7 49. Bd1 Bc6 0-1

[Event "CZE-chTJ 0102"]
[Site "Czech Republic"]
[Date "2002.??.??"]
[Round "7"]
[White "Grill, Roman"]
[Black "Dolezal, Martin"]
[Result "1-0"]
[WhiteElo "2102"]
[BlackElo "1807"]
[PlyCount "59"]
[EventDate "2001.??.??"]
[EventType "team-tourn"]
[EventRounds "11"]
[EventCountry "CZE"]
[SourceTitle "EXT 2003"]
[Source "ChessBase"]
[SourceDate "2002.11.25"]
[SourceVersion "1"]
[SourceVersionDate "2002.11.25"]
[SourceQuality "1"]
[WhiteTeam "Pisek"]
[BlackTeam "Vysehrad IV"]
[WhiteTeamCountry "CZE"]
[BlackTeamCountry "CZE"]

1. e4 c5 2. Nc3 d6 3. f4 g6 4. Nf3 Bg7 5. Bc4 e6 6. d3 Nc6 7. f5 exf5 8. 0-0 Nge7 9. Bg5 h6 10. Bd2 Be6 11. Nd5 Bxd5 12. exd5 Nd4 13. Nxd4 Bxd4+ 14. Kh1 a6 15. Qc1 b5 16. Bb3 Bg7 17. c3 Qd7 18. a4 0-0-0 19. axb5 axb5 20. c4 b4 21. Ba4 Qb7 22. Re1 Be5 23. Bb5 Kc7 24. d4 cxd4 25. Bxb4 Nc8 26. Ba5+ Kb8 27. Bc6 Qe7 28. Bxd8 Qxd8 29. Ra8+ Kc7 30. Qd2 1-0

[Event "Klatovy op-B"]
[Site "Klatovy"]
[Date "2000.??.??"]
[Round "?"]
[White "Adamcak, J."]
[Black "Dolezal, Martin"]
[Result "1-0"]
[WhiteElo "1705"]
[BlackElo "2285"]
[PlyCount "45"]
[EventDate "2000.??.??"]
[EventType "swiss"]
[EventRounds "9"]
[EventCountry "CZE"]
[SourceTitle "EXT 2003"]
[Source "ChessBase"]
[SourceDate "2002.11.25"]
[SourceVersion "1"]
[SourceVersionDate "2002.11.25"]
[SourceQuality "1"]

1. e4 c5 2. f4 e6 3. Nf3 Nc6 4. Bb5 Nf6 5. Bxc6 bxc6 6. d3 d5 7. e5 Nd7 8. 0-0 Be7 9. Qe1 0-0 10. Qg3 f6 11. Nc3 Nb6 12. Ne2 Ba6 13. f5 exf5 14. Bh6 g6 15. Nf4 Qe8 16. Nh4 g5 17. Nxf5 Bc8 18. Nxe7+ Qxe7 19. Bxf8 Qxf8 20. Nh5 Nd7 21. e6 Nb6 22. Nxf6+ Kh8 23. Nxh7 1-0

[Event "Klatovy op-B"]
[Site "Klatovy"]
[Date "2000.??.??"]
[Round "?"]
[White "Dolezal, Martin"]
[Black "Umanec, Filip"]
[Result "1-0"]
[WhiteElo "2285"]
[BlackElo "1660"]
[PlyCount "81"]
[EventDate "2000.??.??"]
[EventType "swiss"]
[EventRounds "9"]
[EventCountry "CZE"]
[SourceTitle "EXT 2003"]
[Source "ChessBase"]
[SourceDate "2002.11.25"]
[SourceVersion "1"]
[SourceVersionDate "2002.11.25"]
[SourceQuality "1"]

1. e4 e5 2. Nf3 Nc6 3. Bb5 d6 4. d4 exd4 5. Nxd4 Bd7 6. Nc3 Nf6 7. 0-0 Be7 8. Re1 0-0 9. b3 Nxd4 10. Qxd4 Bxb5 11. Nxb5 Nd7 12. Qd2 Bf6 13. c3 Nb6 14. Bb2 Re8 15. c4 Bxb2 16. Qxb2 a6 17. Nc3 Re5 18. Nd5 Nd7 19. Qd4 Nc5 20. Rad1 Rc8 21. f3 a5 22. Re3 Ne6 23. Qd2 b6 24. Qf2 Nc5 25. a3 Ra8 26. Qb2 Ra7 27. Ra1 Ne6 28. b4 a4 29. f4 Rh5 30. Rg3 Qh4 31. Nf6+ Kh8 32. Nxh5 Qxh5 33. f5 Ng5 34. Qd4 Ra8 35. Rd1 Re8 36. Re1 Qh4 37. Qc3 h5 38. Rge3 f6 39. Qc2 Qg4 40. Kh1 h4 41. Qxa4 1-0

[Event "Klatovy op-B"]
[Site "Klatovy"]
[Date "2000.??.??"]
[Round "?"]
[White "Polomis, Zdenek"]
[Black "Dolezal, Martin"]
[Result "1-0"]
[WhiteElo "1810"]
[BlackElo "2285"]
[PlyCount "99"]
[EventDate "2000.??.??"]
[EventType "swiss"]
[EventRounds "9"]
[EventCountry "CZE"]
[SourceTitle "EXT 2003"]
[Source "ChessBase"]
[SourceDate "2002.11.25"]
[SourceVersion "1"]
[SourceVersionDate "2002.11.25"]
[SourceQuality "1"]

1. d4 d5 2. Nf3 Nf6 3. Nc3 c5 4. Bg5 e6 5. e4 Be7 6. dxc5 dxe4 7. Qxd8+ Bxd8 8. Nd2 Bd7 9. Bxf6 Bxf6 10. Ndxe4 Bxc3+ 11. Nxc3 Bc6 12. Nb5 Bxb5 13. Bxb5+ Nc6 14. 0-0-0 Ke7 15. Rd6 Rac8 16. Rhd1 Nb8 17. b4 Rc7 18. Kb2 a6 19. Ba4 a5 20. c3 Rhc8 21. a3 Na6 22. Rd7+ Kf6 23. R1d3 Rxd7 24. Rxd7 axb4 25. axb4 Rc7 26. Rd3 Ke5 27. Bb5 f5 28. Rd6 Nb8 29. Kc2 g5 30. g3 f4 31. f3 fxg3 32. hxg3 Rf7 33. Rd3 h5 34. Bc4 Rf6 35. b5 Rh6 36. Rd8 Nc6 37. bxc6 bxc6 38. Rd1 h4 39. Re1+ Kf5 40. Bd3+ Kf6 41. gxh4 gxh4 42. Be4 Rh5 43. Bxc6 Rxc5 44. Be4 h3 45. Kd3 Rh5 46. Kd4 h2 47. Rh1 Ke7 48. c4 Kd6 49. f4 Rh4 50. c5+ 1-0

[Event "CZE-chTJ 9900"]
[Site "Czech Republic"]
[Date "2000.??.??"]
[Round "?"]
[White "Salac, Jiri"]
[Black "Dolezal, Martin"]
[Result "1-0"]
[WhiteElo "2170"]
[BlackElo "2285"]
[PlyCount "147"]
[EventDate "1999.??.??"]
[EventType "team-tourn"]
[EventRounds "11"]
[EventCountry "CZE"]
[SourceTitle "EXT 2002"]
[Source "ChessBase"]
[SourceDate "2001.11.25"]
[SourceVersion "1"]
[SourceVersionDate "2001.11.25"]
[SourceQuality "1"]

1. d4 d5 2. Bf4 Nf6 3. e3 e6 4. Nf3 Be7 5. h3 0-0 6. Nbd2 c5 7. c3 Nc6 8. Bd3 Nd7 9. Qb1 f5 10. a3 Nf6 11. Ne5 Bd7 12. b4 c4 13. Bc2 Be8 14. g4 Ne4 15. Bxe4 fxe4 16. a4 Bh4 17. Nxc6 bxc6 18. Rh2 Bg6 19. Bg3 Bxg3 20. fxg3 Qg5 21. Ke2 h5 22. Qg1 hxg4 23. h4 Qe7 24. Rf2 a5 25. Rxf8+ Qxf8 26. Qf2 Qe7 27. Rb1 e5 28. bxa5 Rxa5 29. Rb8+ Kh7 30. dxe5 Rxa4 31. h5 Bxh5 32. Qf5+ Bg6 33. Qc8 Bf7 34. Qxc6 Qxe5 35. Rb1 Ra7 36. Rh1+ Bh5 37. Qc5 Ra2 38. Qc8 Kg6 39. Qc6+ Qf6 40. Qe8+ Qf7 41. Qxf7+ Kxf7 42. Rxh5 Ke6 43. Rg5 Rc2 44. Rxg7 Rxc3 45. Rxg4 Rd3 46. Rg6+ Kd7 47. g4 Ke7 48. Rc6 Kf7 49. Nxc4 dxc4 50. Rxc4 Ra3 51. Rxe4 Kf6 52. Kf3 Kg5 53. Re5+ Kf6 54. Kf4 Ra4+ 55. e4 Ra1 56. g5+ Kf7 57. Rf5+ Kg7 58. Rf6 Rf1+ 59. Ke5 Rg1 60. Kf5 Rf1+ 61. Ke6 Rg1 62. g6 Re1 63. e5 Re2 64. Kd6 Re1 65. Rf4 Kxg6 66. e6 Rd1+ 67. Kc7 Re1 68. Kd7 Rd1+ 69. Ke8 Kg7 70. Ke7 Ra1 71. Rg4+ Kh6 72. Kf8 Rf1+ 73. Ke8 Kh5 74. Rd4 1-0

[Event "Most op-B"]
[Site "Most"]
[Date "1999.??.??"]
[Round "?"]
[White "Havlak, Lubomir"]
[Black "Dolezal, Martin"]
[Result "0-1"]
[WhiteElo "1610"]
[BlackElo "2285"]
[PlyCount "120"]
[EventDate "1999.??.??"]
[EventType "swiss"]
[EventRounds "9"]
[EventCountry "CZE"]
[SourceTitle "EXT 2003"]
[Source "ChessBase"]
[SourceDate "2002.11.25"]
[SourceVersion "1"]
[SourceVersionDate "2002.11.25"]
[SourceQuality "1"]

1. c4 Nf6 2. Nc3 e6 3. e4 d5 4. cxd5 exd5 5. e5 d4 6. exf6 dxc3 7. Qa4+ Nc6 8. Qe4+ Be6 9. dxc3 gxf6 10. Bb5 Qe7 11. Bxc6+ bxc6 12. Be3 Bd5 13. Qxe7+ Bxe7 14. f3 Rg8 15. Kf2 Rb8 16. b3 a5 17. Re1 a4 18. Bc5 Be6 19. b4 Bxc5+ 20. bxc5 Rb2+ 21. Re2 Rxa2 22. Rxa2 Bxa2 23. Ne2 Bc4 24. Nd4 Kd7 25. Rb1 Ra8 26. Rb4 Be6 27. Nxe6 Kxe6 28. c4 a3 29. Rb1 a2 30. Ra1 Ke5 31. Ke3 Ra3+ 32. Kd2 Kd4 33. Kc2 Kxc4 34. Kb2 Ra8 35. g4 Kxc5 36. h4 Kd4 37. f4 Kd3 38. h5 Kd2 39. h6 Rb8+ 40. Ka3 Ke3 41. g5 fxg5 42. fxg5 Kf4 43. Rf1+ Kxg5 44. Kxa2 Rf8 45. Rc1 f6 46. Rc5+ Kxh6 47. Rxc6 Rf7 48. Kb3 Kg5 49. Rc1 f5 50. Rg1+ Kf4 51. Rc1 h5 52. Rh1 Kg4 53. Rg1+ Kf3 54. Rg5 h4 55. Rh5 Kg3 56. Rg5+ Kh2 57. Kc4 f4 58. Rh5 h3 59. Kd5 f3 60. Re5 f2 0-1

[Event "Most op-B"]
[Site "Most"]
[Date "1999.??.??"]
[Round "?"]
[White "Seiner, Frantisek"]
[Black "Dolezal, Martin"]
[Result "1/2-1/2"]
[WhiteElo "1785"]
[BlackElo "2285"]
[PlyCount "57"]
[EventDate "1999.??.??"]
[EventType "swiss"]
[EventRounds "9"]
[EventCountry "CZE"]
[SourceTitle "EXT 2003"]
[Source "ChessBase"]
[SourceDate "2002.11.25"]
[SourceVersion "1"]
[SourceVersionDate "2002.11.25"]
[SourceQuality "1"]

1. e4 e5 2. Nf3 Nc6 3. Bc4 Bc5 4. d3 d6 5. Nc3 Be6 6. Bb3 Nf6 7. 0-0 h6 8. Be3 Bxe3 9. fxe3 0-0 10. a3 Bxb3 11. cxb3 d5 12. exd5 Nxd5 13. Qe2 Nde7 14. Rae1 Nf5 15. Nxe5 Ng3 16. hxg3 Nxe5 17. d4 Ng6 18. Rf3 Qg5 19. Qc4 c6 20. e4 Rad8 21. e5 Rd7 22. Ne4 Nxe5 23. Nxg5 Nxc4 24. bxc4 hxg5 25. d5 cxd5 26. cxd5 Rxd5 27. Re7 Rb5 28. b3 f6 29. Kf2 1/2-1/2

[Event "CZE-chT2 9798"]
[Site "Czech Republic"]
[Date "1998.??.??"]
[Round "5.3"]
[White "Adamek, Zdenek"]
[Black "Dolezal, Martin"]
[Result "0-1"]
[WhiteElo "2135"]
[BlackElo "2285"]
[PlyCount "78"]
[EventDate "1997.??.??"]
[EventType "team-tourn"]
[EventRounds "11"]
[EventCountry "CZE"]
[SourceTitle "EXT 1999"]
[Source "ChessBase"]
[SourceDate "1998.11.16"]
[SourceVersion "1"]
[SourceVersionDate "1998.11.16"]
[SourceQuality "1"]

1. d4 Nf6 2. c4 g6 3. Nc3 Bg7 4. e4 d6 5. Be2 0-0 6. Nf3 e5 7. 0-0 Nbd7 8. Re1 a5 9. Be3 h6 10. h3 Re8 11. Qc2 exd4 12. Bxd4 Ne5 13. Rad1 Nfd7 14. a3 c6 15. b4 axb4 16. axb4 Nxf3+ 17. Bxf3 Ne5 18. Be2 Qh4 19. Qd2 g5 20. Rf1 Be6 21. f4 gxf4 22. Qxf4 Qxf4 23. Rxf4 Bxc4 24. Bxc4 Nxc4 25. Bxg7 Kxg7 26. Rg4+ Kf8 27. Rh4 Re6 28. Ne2 Rae8 29. Ng3 Ne3 30. Rd3 Nc2 31. Rb3 Nd4 32. Rd3 c5 33. Nf5 Nxf5 34. exf5 Rf6 35. Rf4 b5 36. bxc5 dxc5 37. g4 c4 38. Rc3 Re2 39. h4 Rd6 0-1